Quizzes
Events
Quiz Creation
Community
Videos
Private Events
Remove Ads
Sign In
Join for FREE
Feedback
Dark Mode
Quiz Categories
Sports
Geography
Music
Movies
Television
Just For Fun
Miscellaneous
History
Literature
Language
Science
Gaming
Entertainment
Religion
Holiday
For Kids
Quiz Lab
Recent
Popular Today
Quiz Kudos Today
Editor Picks
Curator Picks
Quizzes by...
Day
Popularity
Type
Ratings
Length
Year
Community
Subscriptions
Recent Discussions
Orange Saloon
Badges
Playlists
Quests
Create
Leaderboards
Showdown
Live 5
Trivia Bingo
Activity
Puzzle Library
Sporcle Events
Private Events
Virtual Trivia
Globe League
Become a Host
Pub Owners
SporcleCon
Opinionation
Our Games
Videos
Blog
Mobile Apps
Partnerships
Remove Ads and Go Orange
Feedback
Television
TV Characters
TV Show
Sitcom
Network
Friends
Reality Shows
Cast
South Park
Star Trek
The Simpsons
Doctor Who
Television
TV Characters
TV Show
Sitcom
Network
Friends
Reality Shows
Cast
South Park
Star Trek
The Simpsons
Doctor Who
Random Quiz
Search Sporcle
×
Quiz Lab
Quiz Lab
Television
Show
Type in answers that appear in a list
Type in answers that appear in a list
Classic
Best Score? Go Orange.
US TV Shows with opposite titles Stats
Can you name the US TV Shows by their opposite, contradicting or counterpoint names?
By
lazeeeyes
8m
31 Questions
881 Plays
881 Plays
881 Plays
Comments
Comments
Give Quiz Kudos
Give Quiz Kudos
-
- Ratings
hide this ad
Forced Order
Answers have to be entered in order
Answers have to be entered in order
Random Order
Randomize order of answers
Randomize order of answers
Replay
Link that replays current quiz
Next Quiz
Link to next quiz in quiz playlist
You Got
0%
They Got
Avg Score
59%
Avg Friend Score
Upgrade to see
Score Distribution
Jump to the score distribution portion of the page
Score
0/31
Timer
08:00
0
Plays Today
Opposite Name
Actual Title
% Correct
Little Sister
Big Brother
87.9%
Enemies
Friends
87.4%
The Remembered
The Forgotten
82.9%
Sunday Morning Pre-
Recorded
Saturday Night Live
79.7%
Mother Misunderstands Worst
Father Knows Best
78.2%
Satisfied Husbands
Desperate Housewives
77.4%
Compton 90220
Beverly Hills 90210
77.3%
The Old and the Relaxed
The Young and the Restless
77.1%
Russia's Least Undesired
America's Most Wanted
75.9%
Abstinence and the Country
Sex and the City
75.4%
Letters
Numb3rs
73.9%
Sea of the Found
Land of the Lost
69.5%
Shrinking Pleasures
Growing Pains
69.4%
Divorced sans Elderly
Married... With Children
68.7%
Friday Afternoon Baseball
Monday Night Football
66.2%
None of Your Grownups
All My Children
63.3%
Opposite Name
Actual Title
% Correct
Boos
Cheers
62.3%
The Timid and the Ugly
The Bold and the Beautiful
62.1%
Jocks and Bullies
Freaks and Geeks
54.5%
The Myths of Death
The Facts of Life
53.1%
Skinny Actor
Fat Actress
50.3%
Bitter Nights
Happy Days
48.7%
Flawed Acquaintances
Perfect Strangers
47.1%
Southern Concealment
Northern Exposure
44.6%
Out of Dead Black-
and-
White
In Living Color
44.2%
The Basses
The Sopranos
41.4%
The Being Shouter
The Ghost Whisperer
36.8%
Delaware O One
Hawaii Five-O
30.5%
Cry Out
Rowan and Martin's Laugh-In
29.1%
Following Shade
Guiding Light
19.9%
Hombre y el Boy
Chico and the Man
9.9%
Quiz Playlist
Details
Report
Send in Message
Add To Playlist
Classic:
Type in answers that appear in a list
Forced Order:
Answers have to be entered in order
Random Order:
Randomize order of answers
Last Updated: Feb 16, 2017
Quiz Scoreboard
CHALLENGE
Sign Up to Join the Scoreboard
Show All
Scores
Hide
Comments
May contain spoilers
Recently Published
College Basketball Coaching Resumes
by pancakes188
Sports
9m
Billboard Blitz: Fleetwood Mac
by CooCooCachoo
Music
15s
Presidents Visiting Landmarks
by Hejman
History
7m
More to Explore
Quiz From the Vault
Featured Blog Post
Where Did the Easter Bunny Come From?
hide this ad
You Might Also Like...
Tags
Show Quiz
Actual
opposite
Today's Top Quizzes in Television
Browse Television
hide this ad
Today's Top Quizzes in Show
Browse Show
Top Contributed Quizzes in Television
1
5-to-1: The Simpsons Families
2
5-to-1: Television Doctors
3
7-to-1: TV Show Settings
4
5-to-1: Streaming Originals
5
One Piece Logic Puzzle
6
Survivor Seasons
7
Survivor Logic Puzzle: Heroes vs. Villains
8
All US Survivor Seasons in Order
9
TV Shows by First Names
10
Survivor Season by Logo
Explore More
Trending Topics
NBA
Anime
Kpop
Crossword
Disney
Harry Potter
Marvel
Pokémon
Soccer
Song
NFL
Country
WWE
Puzzle
The Office
hide this ad
More By:
lazeeeyes
Quiz
Plays
Rating
Category
Featured
Created
Lakers vs. Celtics Finals (Year)
4,176
3.00
Sports
May 30, 2010
US TV Shows with opposite titles
881
3.77
Television
Nov 9, 2009
Types of ice hockey penalties
586
2.67
Sports
Oct 23, 2009
Evening News Anchors (US Networks)
465
5.00
Television
Oct 18, 2009
Missions of California
351
5.00
History
Oct 10, 2009
Go to Creator's Profile
Score Distribution
Quiz Creator Spotlight
lazeeeyes
Follow
Send a Message
Quizzes Created
-
Created Quiz Play Count
-
More By This Creator
Popular Quizzes Today
1
Find the US States - No Outlines Minefield
2
Find the Countries of Europe - No Outlines Minefield
3
The Countries of the World
4
Find the US States
5
Risky Map Clicking: Biggest States A-Z
6
US States
7
Popular People in 1961
8
Movies - When Are They Set?
More Television Quizzes
Pushing Daisies Characters
Published
Trending Quizzes
Risky Map Clicking: Least Populous States A-Z
1-10 Letter G Words
1-10 Letter F Words
Risky Map Clicking: Next State Alphabetically
Click the Washington State Counties! (Map)
Recently Updated
Leaping Animals
pecheneg
Reality TV Shows (A-Z)
bhenderson79
Rickey Henderson's Hall of Fame Teammates
pecheneg
Champions League XIs: Arsenal
pecheneg
Quick Pick: Celebrities in WWE's Hall of Fame
aduchscher
A-Z Keypad Blitz II
pecheneg
Multiple Oscar Actors
pecheneg
Mystery Phrase Blitz: Oscar 'Best Actors'
pecheneg
F. Scott Fitzgerald Novels
LTH
Pick 3 Villains
ddd62291
Trending Topics
Crossword
Harry Potter
Disney
Marvel
NBA
Anime
Kpop
Soccer
WWE
NFL
Country
Puzzle
Pokémon
The Office
Song
Your Account Isn't Verified!
In order to create a playlist on Sporcle, you need to verify the email address you used during registration. Go to your
Sporcle Settings
to finish the process.
Report this User
Report this user for behavior that violates our
Community Guidelines
.
Details:
Send Report
Go to the Sporcle.com Mobile Site →
Comments